Contribución a la gestión sostenible y al conocimiento biológico y socio económico de la cadena de valor de peces ornamentales de Puerto Carreño : (Registro nro. 17728)

Detalles MARC
000 -CABECERA
Campo de control 02540nam a2200325 a 4500
005 - FECHA Y HORA DE LA ULTIMA TRANSACCION
Campo de control 20150828132506.0
008 - ELEMENTOS DE LONGITUD FIJA—INFORMACION GENERAL
Campo de control 130606s2008 ck a gr 000 0dspa d
020 ## - ISBN
ISBN 9789589782682
040 ## - FUENTE DE CATALOGACIÓN
Agencia catalogadora original CO-BoBLA
Agencia transcriptora CO-BoBLA
Agencia Modificadora CO-BoIAVH
041 0# - IDIOMA
Código de idioma para texto/pista de sonido o título separado Español
044 ## - PAÍS DE PUBLICACIÓN
País de publicación Colombia
082 04 - NUMERO DE CLASIFICACION DECIMAL DEWEY
Número de clasificación 639.34
Número del ítem F19c
245 00 - MENCION DE TITULO
Título Contribución a la gestión sostenible y al conocimiento biológico y socio económico de la cadena de valor de peces ornamentales de Puerto Carreño :
Parte restante del título reserva de biósfera el Tuparro (Vichada-Colombia) /
Mención de responsabilidad Hernando Ramírez Gil ... [et al.] ; editoras Patricia Falla Ramírez, Johanna Poveda Rocha ; fotografía Rosa Elena Ajiaco M. ... [et al.] ; ilustraciones y gráficos Luisa Fda. Cuervo G.
260 ## - PUBLICACION, DISTRIBUCION, ETC. (PIE DE IMPRENTA)
Lugar de publicación, distribución, etc. Bogotá :
Nombre del editor, distribuidor, etc. Fundación Omacha Colombia ;
Lugar de publicación, distribución, etc. Villavicencio :
Nombre del editor, distribuidor, etc. Fundación Horizonte Verde :
-- Fondo para la Acción Ambiental y la Niñez,
Fecha de publicación, distribución, etc. 2008.
300 ## - DESCRIPCION FISICA
Extensión 125 p.
Otros detalles físicos ilustraciones, gráficas y tablas
Dimensiones 24 cm.
500 ## - NOTA GENERAL
Nota general En el marco del Proyecto Pijiwi Orinoko "Incremento y consolidación de áreas protegidas y generación de alternativas económicas sostenibles enfocadas en la pesca ornamental y el ecoturismo en la Reserva de Biósfera El Tuparro a través de un esquema participativo".<br/>Incluye anexos.<br/>Incluye lista de figuras, tablas y anexos.
504 ## - NOTA DE BIBLIOGRAFIA, ETC.
Nota de bibliografía Incluye referencia bibliográficas (Páginas 97-104).
505 ## - NOTA DE CONTENIDO
Nota de contenido Algunas consideraciones conceptuales que sustentan la propuesta de conformar la cadena de valor de peces ornamentales bajo los principios de biocomercio y comercio justo.<br/>Marco normativo de la pesca y comercialización de peces ornamentales.<br/>Aspectos biológicos de la cadena de valor de peces ornamentales.<br/>Mercado de peces ornamentales.<br/>La cadena de valor de los peces ornamentales de Puerto Carreño.<br/>Estrategia de competitividad para la cadena de valor de peces ornamentales de Puerto Carreño.
650 #4 - ASIENTO SECUNDARIO DE MATERIA - TERMINO TEMATICO
Término temático o nombre geográfico como elemento de entrada Peces ornamentales
Subdivisión general Comercio
Subdivisión geográfica Reserva de Biósfera El Tuparro (Vichada, Colombia)
9 (RLIN) 37613
650 #4 - ASIENTO SECUNDARIO DE MATERIA - TERMINO TEMATICO
Término temático o nombre geográfico como elemento de entrada Desarrollo sostenible
Subdivisión geográfica Reserva de Biósfera El Tuparro (Vichada, Colombia)
9 (RLIN) 37614
651 #4 - ASIENTO SECUNDARIO DE MATERIA - NOMBRE GEOGRAFICO
Nombre geográfico Reserva de Biósfera El Tuparro (Vichada, Colombia)
Subdivisión general Aspectos ambientales.
9 (RLIN) 37615
700 1# - ASIENTO SECUNDARIO - NOMBRE PERSONAL
Nombre personal Ramírez Gil, Hernando.
9 (RLIN) 18421
700 1# - ASIENTO SECUNDARIO - NOMBRE PERSONAL
Nombre personal Falla Ramírez, Patricia,
9 (RLIN) 37609
700 1# - ASIENTO SECUNDARIO - NOMBRE PERSONAL
Nombre personal Poveda Rocha, Johanna,
9 (RLIN) 37610
700 1# - ASIENTO SECUNDARIO - NOMBRE PERSONAL
Nombre personal Lozada Perdomo, Paola Andrea
9 (RLIN) 5101
700 1# - ASIENTO SECUNDARIO - NOMBRE PERSONAL
Nombre personal Ajiaco M., Rosa Elena,
Término de relación fotografías
9 (RLIN) 37611
700 1# - ASIENTO SECUNDARIO - NOMBRE PERSONAL
Nombre personal Cuervo G., Luisa Fernanda,
Término de relación ilustreciones
9 (RLIN) 37612
942 ## - ELEMENTOS ADICIONALES (KOHA)
Sistema de clasificación Dewey Decimal Classification
Tipo de ítem Libro
949 ## - LOCAL PROCESSING INFORMATION (OCLC)
a n
b n
Existencias
Withdrawn status Lost status Sistema de Clasificación Damaged status No para préstamo Colección Inventariado Ubicación Permanente Ubicación actual Fecha de adquisición Fuente de Valor Valor Total Checkouts Número topográfico Inventario / Código de Barras Date last seen Ejemplar Price effective from Forma de adquisición Tipo de material
    Dewey Decimal Classification     General Inventariado 2017 Bogotá Bogotá 28/08/2015 Instituto 39000.00   LB-639.34 F19c 038733 28/08/2015 Ej. 1 28/08/2015   Libro
    Dewey Decimal Classification     General Inventariado 2017 Sala Fabio Quevedo Sala Fabio Quevedo 29/01/2016 Instituto 39000.00   LB-639.34 F19c 039642 29/01/2016 Ej. 2 29/01/2016   Libro